000 00795nas a2200277 4500
001 BR8403358
003 BR-BrBNA
005 20231205085940.0
007 ta
008 230509b bl.|||p| |||| 00| 00por d
040 _aBR-BrBNA
_bpor
_cBiblioteca Nacional de Agricultura
041 _a(Pt)
072 _aF00; H10
100 1 _aCruz, I.
100 1 _aSantos, J.P.
100 1 _aWaquil, J.M.
100 1 _aFontes, R. de A.
100 1 _aGarcia, J.C.
245 1 _aPrincipais problemas da cultura do milho [Zea mays, praga de planta, manejo]
650 _aMILHO
650 _aPRAGA DE PLANTA
650 _aMANEJO
773 0 _tBalde Branco (Brazil)
_xISSN 0005-4275
_g(Aug 1984), v. 18(238) p. 14-28
_wBR8403358
909 _a202311
_bLúcia
_c55
_dLúcia Elande
942 _2AGRIS
_n0
_cANA
999 _c115039
_d115039